[Event "European Championship 2019"]
[Site "Skopje MKD"]
[Date "2019.03.25"]
[Round "7"]
[White "Dubov, Daniil"]
[Black "Pantsulaia, Levan"]
[Result "0-1"]
[WhiteElo "2703"]
[BlackElo "2611"]
[PlyCount "114"]
[EventDate "2019.03.18"]

1. e4 c6 2. d4 d5 3. e5 Bf5 4. Nf3 e6 5. Be2 Nd7 6. O-O Bg6 7. Nbd2 Nh6 8. Re1
Be7 9. Nf1 Nf5 10. Bd3 c5 11. c3 cxd4 12. Bxf5 Bxf5 13. Nxd4 Bg6 14. Ng3 Nc5
15. f4 Bh4 16. Rf1 Bxg3 17. hxg3 h5 18. Be3 Ne4 19. Qf3 Qd7 20. c4 dxc4 21.
Rad1 Qe7 22. Nb5 O-O 23. Nd6 Nxd6 24. Bc5 Qc7 25. Bxd6 Qb6+ 26. Kh2 Qxb2 27.
Bxf8 Rxf8 28. Rd7 c3 29. Rxb7 Qxa2 30. Rc7 c2 31. Qc3 Qb1 32. Rf2 a5 33. Rd2
Kh7 34. Rdd7 Qf1 35. Rd2 Qd1 36. Rdd7 Qg4 37. Qd2 h4 38. gxh4 Qxh4+ 39. Kg1 Kg8
40. Qe3 a4 41. f5 Bxf5 42. Rd4 Qh6 43. Qxh6 gxh6 44. Rxa4 Rd8 45. Rac4 Rd2 46.
Kh2 Re2 47. R4c5 Be4 48. Kg3 Rxg2+ 49. Kf4 Bg6 50. Ke3 h5 51. Rc4 Kg7 52. R7c5
Kh6 53. Kf4 Rg4+ 54. Kf3 Kg5 55. Rxg4+ hxg4+ 56. Kg3 Bd3 57. Rc7 Kf5 0-1

[Event "European Championship 2019"]
[Site "Skopje MKD"]
[Date "2019.03.25"]
[Round "7"]
[White "Ter-Sahakyan, Samvel"]
[Black "Kovalev, Vladislav"]
[Result "1-0"]
[WhiteElo "2590"]
[BlackElo "2703"]
[PlyCount "71"]
[EventDate "2019.03.18"]

1. e4 e5 2. Nf3 Nc6 3. Bb5 a6 4. Ba4 Nf6 5. O-O Be7 6. Re1 b5 7. Bb3 d6 8. c3
O-O 9. h3 Nb8 10. d4 Nbd7 11. Nbd2 c5 12. Bc2 Re8 13. b3 exd4 14. cxd4 Bf8 15.
a4 Bb7 16. axb5 axb5 17. Rxa8 Bxa8 18. Bb2 g6 19. e5 dxe5 20. dxe5 Nd5 21. Ne4
Qb6 22. Neg5 Qc6 23. e6 fxe6 24. Nxh7 Bg7 25. Bxg6 Re7 26. Bxg7 Rxg7 27. Be4
Qd6 28. Nhg5 Nf8 29. h4 Bb7 30. Ne5 Qe7 31. Qf3 Nb4 32. Ng4 Bxe4 33. Nf6+ Kh8
34. Rxe4 Rg6 35. Rf4 Nd3 36. Nd5 1-0

[Event "European Championship 2019"]
[Site "Skopje MKD"]
[Date "2019.03.25"]
[Round "7"]
[White "Petrov, Nikita"]
[Black "Tomashevsky, Evgeny"]
[Result "1/2-1/2"]
[WhiteElo "2591"]
[BlackElo "2705"]
[PlyCount "43"]
[EventDate "2019.03.18"]

1. d4 Nf6 2. c4 e6 3. Nc3 d5 4. Bg5 Be7 5. e3 h6 6. Bh4 Nbd7 7. Qc2 c5 8. dxc5
dxc4 9. Bxc4 Qa5 10. Nf3 Qxc5 11. Be2 O-O 12. O-O Nb6 13. Rac1 Bd7 14. Nd4 Rac8
15. Bf3 Nfd5 16. Bxe7 Qxe7 17. Bxd5 exd5 18. Qb3 Qd6 19. Ndb5 Qg6 20. Kh1 a6
21. Nd4 Qd6 22. Qd1 1/2-1/2

[Event "European Championship 2019"]
[Site "Skopje MKD"]
[Date "2019.03.25"]
[Round "7"]
[White "Mamedov, Rauf"]
[Black "Azarov, Sergei"]
[Result "0-1"]
[WhiteElo "2701"]
[BlackElo "2585"]
[PlyCount "152"]
[EventDate "2019.03.18"]

1. e4 e5 2. Nf3 Nc6 3. Bc4 Bc5 4. c3 Nf6 5. d3 a5 6. O-O d6 7. a4 O-O 8. Bg5 h6
9. Bh4 g5 10. Bg3 Kg7 11. Nbd2 Ba7 12. Re1 Nh7 13. Nf1 h5 14. h3 h4 15. Bh2 g4
16. hxg4 Bxg4 17. Ne3 Bxe3 18. fxe3 Ne7 19. d4 Ng6 20. dxe5 Nxe5 21. Bxe5+ dxe5
22. Qxd8 Raxd8 23. Nxe5 Bh5 24. Nf3 h3 25. Nd4 hxg2 26. Kxg2 Rfe8 27. Rg1 c5
28. Nf5+ Kh8 29. Bd5 Bg6 30. Rad1 Nf6 31. Bxb7 Rb8 32. Rh1+ Kg8 33. Bc6 Re6 34.
Bb5 Rxe4 35. Nh4 Bh5 36. Rdf1 Rg4+ 37. Kh3 Ne4 38. Nf5 Kf8 39. Rhg1 Ng5+ 40.
Kh2 Nf3+ 41. Rxf3 Rxg1 42. Rh3 Rg5 43. Ng3 Bf3 44. Kg1 Ke7 45. Kf2 Bg4 46. Rh4
Rbg8 47. Bc6 R8g6 48. Bb5 Rf6+ 49. Ke1 Bf3 50. Nf1 Rg2 51. Nd2 Bg4 52. Bf1 Rg3
53. Be2 Rg1+ 54. Bf1 Rg3 55. Be2 Rg1+ 56. Bf1 Bc8 57. Re4+ Kd8 58. Rh4 Ba6 59.
c4 Bc8 60. Rh5 Be6 61. b3 Ke7 62. Re5 Rf5 63. Re4 Rh1 64. Rf4 Rxf4 65. exf4 Bh3
66. Ke2 Rh2+ 67. Ke3 Rxd2 68. Bxh3 Rb2 69. Ke4 Rxb3 70. Bc8 Rb8 71. Ba6 Ke6 72.
Bb5 f5+ 73. Kf3 Rd8 74. Ke2 Kf6 75. Ke3 Kg6 76. Bc6 Kh5 0-1

[Event "European Championship 2019"]
[Site "Skopje MKD"]
[Date "2019.03.26"]
[Round "8"]
[White "Artemiev, Vladislav"]
[Black "Hracek, Zbynek"]
[Result "1-0"]
[WhiteElo "2736"]
[BlackElo "2578"]
[PlyCount "57"]
[EventDate "2019.03.18"]

1. c4 c5 2. Nf3 Nc6 3. Nc3 Nf6 4. e3 e6 5. d4 d5 6. cxd5 exd5 7. Bb5 cxd4 8.
exd4 Be7 9. O-O O-O 10. Ne5 Bd7 11. Bg5 Rc8 12. Re1 Re8 13. Rc1 a6 14. Bxc6
Bxc6 15. Qf3 Qd6 16. h3 Bd8 17. Re3 Rf8 18. Rce1 Qb4 19. Qf5 Ra8 20. Rd1 Ne8
21. Bf4 Nf6 22. Rg3 Kh8 23. Rdd3 Be8 24. a3 Qxb2 25. Rxg7 Kxg7 26. Rg3+ Kh8 27.
Nxd5 Nxd5 28. Bh6 Bf6 29. Qxf6+ 1-0

[Event "European Championship 2019"]
[Site "Skopje MKD"]
[Date "2019.03.26"]
[Round "8"]
[White "Tomashevsky, Evgeny"]
[Black "Antipov, Mikhail Al"]
[Result "1-0"]
[WhiteElo "2705"]
[BlackElo "2594"]
[PlyCount "75"]
[EventDate "2019.03.18"]

1. d4 Nf6 2. Nf3 c6 3. c4 d5 4. Nc3 a6 5. e3 Bf5 6. Bd3 Bg6 7. O-O e6 8. Re1
Nbd7 9. e4 dxe4 10. Nxe4 Nxe4 11. Bxe4 Bxe4 12. Rxe4 Be7 13. Bf4 O-O 14. Qe2
Bf6 15. Rd1 Qa5 16. b3 Rfd8 17. h4 Nf8 18. g4 Be7 19. g5 Bd6 20. Be5 Bxe5 21.
Nxe5 Ng6 22. h5 Nxe5 23. Rxe5 Qc7 24. g6 hxg6 25. hxg6 Rd6 26. Rd3 Rf8 27. Rh3
fxg6 28. Rxe6 Rxd4 29. Rxg6 Rd6 30. Qh5 Rxg6+ 31. Qxg6 Qf4 32. Qh7+ Kf7 33. Rd3
Qg5+ 34. Kf1 Rd8 35. Rf3+ Ke6 36. Rg3 Qf5 37. Rg6+ Ke5 38. Qxg7+ 1-0

[Event "European Championship 2019"]
[Site "Skopje MKD"]
[Date "2019.03.26"]
[Round "8"]
[White "Petrov, Nikita"]
[Black "Dubov, Daniil"]
[Result "1/2-1/2"]
[WhiteElo "2591"]
[BlackElo "2703"]
[PlyCount "60"]
[EventDate "2019.03.18"]

1. e4 c5 2. Nf3 Nc6 3. Bb5 g6 4. Bxc6 dxc6 5. d3 Qc7 6. a4 e5 7. Be3 Nh6 8. Qc1
Ng4 9. Bd2 Bg7 10. h3 Nf6 11. Bh6 O-O 12. Nc3 Re8 13. Bxg7 Kxg7 14. a5 Be6 15.
Qe3 Qd6 16. O-O h6 17. Ne2 Nh5 18. Qd2 Kh7 19. Rfb1 b5 20. axb6 axb6 21. Rxa8
Rxa8 22. b4 Nf6 23. bxc5 Qxc5 24. d4 exd4 25. Qxd4 Qxc2 26. Rb2 Qa4 27. Rxb6
Nxe4 28. Qxa4 Rxa4 29. Rxc6 Bc4 30. Ng3 Nxg3 1/2-1/2

[Event "European Championship 2019"]
[Site "Skopje MKD"]
[Date "2019.03.26"]
[Round "8"]
[White "Kovalev, Vladislav"]
[Black "Yuffa, Daniil"]
[Result "1/2-1/2"]
[WhiteElo "2703"]
[BlackElo "2582"]
[PlyCount "39"]
[EventDate "2019.03.18"]

1. e4 c5 2. Nf3 d6 3. d4 Nf6 4. Nc3 cxd4 5. Nxd4 a6 6. g3 e5 7. Nf3 Be7 8. Nh4
O-O 9. Nf5 Bxf5 10. exf5 d5 11. Bg2 d4 12. Ne4 Nxe4 13. Bxe4 Nd7 14. O-O Nc5
15. Qf3 Rc8 16. Bd2 Qb6 17. Rab1 Nxe4 18. Qxe4 Qc6 19. Qxc6 Rxc6 20. c3 1/2-1/2

[Event "European Championship 2019"]
[Site "Skopje MKD"]
[Date "2019.03.26"]
[Round "8"]
[White "Saric, Ivan"]
[Black "Arnaudov, G. Petar"]
[Result "1-0"]
[WhiteElo "2703"]
[BlackElo "2462"]
[PlyCount "65"]
[EventDate "2019.03.18"]

1. e4 c6 2. Nc3 d5 3. Nf3 dxe4 4. Nxe4 Nf6 5. Qe2 Nxe4 6. Qxe4 Be6 7. c4 g6 8.
Qe5 Rg8 9. Qe3 Bg7 10. d4 Nd7 11. h3 b5 12. cxb5 cxb5 13. Bd2 Qb6 14. Bd3 Bd5
15. O-O e6 16. a4 b4 17. a5 Qb7 18. a6 Qb6 19. Rfe1 Bf8 20. Rac1 Bd6 21. Ne5
Nxe5 22. dxe5 Qxe3 23. Bb5+ Kd8 24. Rxe3 Be7 25. Rd3 Rc8 26. Bc6 Rc7 27. b3
Rxc6 28. Rxc6 Kd7 29. Rc1 Rb8 30. Be3 Rb5 31. Ra1 Bc5 32. Bxc5 Rxc5 33. Rd4 1-0

[Event "European Championship 2019"]
[Site "Skopje MKD"]
[Date "2019.03.26"]
[Round "8"]
[White "Goryachkina, Aleksandra"]
[Black "Mamedov, Rauf"]
[Result "1-0"]
[WhiteElo "2504"]
[BlackElo "2701"]
[PlyCount "81"]
[EventDate "2019.03.18"]

1. d4 Nf6 2. c4 g6 3. Nc3 Bg7 4. e4 d6 5. f3 O-O 6. Be3 c5 7. Nge2 Nc6 8. d5
Na5 9. b3 a6 10. Rc1 Bd7 11. Ng3 Rb8 12. Bd3 b5 13. O-O bxc4 14. bxc4 Qc7 15.
Bd2 e6 16. Qe1 Rfe8 17. Nce2 Nb7 18. Bc3 h5 19. Qd2 e5 20. Rb1 h4 21. Nh1 Nh5
22. Rb3 Kh7 23. Rfb1 Bh6 24. Qb2 Bc8 25. Rb6 Be3+ 26. Kf1 Qe7 27. Bd2 Qg5 28.
Bxe3 Qxe3 29. Nf2 h3 30. Qc1 hxg2+ 31. Kxg2 Qxc1 32. Rxc1 Ra8 33. Bc2 Na5 34.
Rxd6 Nxc4 35. Rc6 Ne3+ 36. Kg1 Bd7 37. Rxc5 Nxc2 38. R5xc2 Kg7 39. Nd3 Bb5 40.
Nc5 Rec8 41. Ng3 1-0

[Event "European Championship 2019"]
[Site "Skopje MKD"]
[Date "2019.03.26"]
[Round "8"]
[White "Vallejo Pons, Francisco"]
[Black "Neverov, Valeriy"]
[Result "1-0"]
[WhiteElo "2698"]
[BlackElo "2496"]
[PlyCount "107"]
[EventDate "2019.03.18"]

1. e4 c5 2. Nf3 d6 3. d4 cxd4 4. Nxd4 Nf6 5. Nc3 Nc6 6. Bg5 e6 7. Qd2 a6 8.
O-O-O Bd7 9. f3 Be7 10. h4 Nxd4 11. Qxd4 b5 12. Kb1 Rb8 13. g4 Qc7 14. Be3 b4
15. Ne2 O-O 16. Qd2 Bb5 17. Nd4 Bxf1 18. Rhxf1 Rfc8 19. g5 Nh5 20. Rg1 Bf8 21.
Qd3 g6 22. Rd2 Qb7 23. Nb3 Qb5 24. Rgd1 a5 25. Bg1 a4 26. Qxb5 Rxb5 27. Nd4
Rbc5 28. Ne2 R5c6 29. Nd4 Rc5 30. Be3 Be7 31. Ne2 R5c6 32. Nd4 Rc5 33. Ne2 R5c6
34. c3 Rc4 35. cxb4 Rxb4 36. Rd4 Rxd4 37. Rxd4 a3 38. bxa3 f6 39. a4 fxg5 40.
Bxg5 Kf7 41. Rb4 h6 42. Bxh6 Bxh4 43. Be3 Be1 44. Rb7+ Kf6 45. Kb2 Ng3 46. Nxg3
Bxg3 47. a5 Be5+ 48. Ka3 d5 49. a6 d4 50. Bh6 Bd6+ 51. Ka4 e5 52. a7 Ke6 53.
Kb5 Rc5+ 54. Kb6 1-0

[Event "European Championship 2019"]
[Site "Skopje MKD"]
[Date "2019.03.27"]
[Round "9"]
[White "Piorun, Kacper"]
[Black "Artemiev, Vladislav"]
[Result "1/2-1/2"]
[WhiteElo "2631"]
[BlackElo "2736"]
[PlyCount "122"]
[EventDate "2019.03.18"]

1. e4 c5 2. Nf3 d6 3. Bb5+ Bd7 4. Bxd7+ Nxd7 5. O-O Ngf6 6. Qe2 Rc8 7. c4 g6 8.
d4 cxd4 9. Nxd4 Bg7 10. Nc3 Qa5 11. Be3 Nb6 12. Rac1 O-O 13. b3 Nbd7 14. f3 a6
15. Qd2 Rfe8 16. Rfd1 e6 17. Rc2 h5 18. Bf2 Kh7 19. Nd5 Qxd2 20. Nxf6+ Bxf6 21.
Rcxd2 Bg5 22. Re2 h4 23. Nc2 Be7 24. Be1 g5 25. Bb4 Rc6 26. Kf2 Ne5 27. g3 Ng6
28. Nd4 Rc7 29. Red2 d5 30. Bxe7 Nxe7 31. cxd5 exd5 32. gxh4 dxe4 33. hxg5 Nd5
34. fxe4 Nc3 35. Re1 Nxe4+ 36. Kg2 Rd7 37. Rd3 Kg6 38. Ree3 Nc5 39. Rxe8 Nxd3
40. Nf3 f6 41. h4 fxg5 42. hxg5 Kg7 43. a3 a5 44. Kg3 b5 45. Re3 b4 46. a4 Nc5
47. Nh4 Rd1 48. Kf4 Rd4+ 49. Kg3 Ne4+ 50. Kg2 Rd2+ 51. Kf3 Nxg5+ 52. Kf4 Kf6
53. Nf3 Rf2 54. Kg3 Rb2 55. Ne5 Rd2 56. Nf3 Nxf3 57. Kxf3 Kf5 58. Re8 Rb2 59.
Re3 Rh2 60. Kg3 Rh1 61. Kf3 Rh2 1/2-1/2

[Event "European Championship 2019"]
[Site "Skopje MKD"]
[Date "2019.03.27"]
[Round "9"]
[White "Dubov, Daniil"]
[Black "Maze, Sebastien"]
[Result "1-0"]
[WhiteElo "2703"]
[BlackElo "2578"]
[PlyCount "85"]
[EventDate "2019.03.18"]

1. Nf3 d5 2. d4 e6 3. e3 Nf6 4. c4 Be7 5. b3 O-O 6. Bb2 c5 7. cxd5 cxd4 8. Nxd4
Nxd5 9. Nd2 b6 10. Rc1 Bb7 11. Be2 Nd7 12. O-O Rc8 13. Nc4 a6 14. a4 Bb4 15.
Bf3 Qg5 16. g3 Rfd8 17. h4 Qe7 18. Qe2 Bc5 19. Rfd1 N7f6 20. Ne5 Nb4 21. Rc4
Bd5 22. Bxd5 Rxd5 23. Rdc1 a5 24. Nc2 Nxc2 25. Qxc2 Qd6 26. Nf3 Rd8 27. Bd4 Nd7
28. Ng5 f5 29. Nh3 Bxd4 30. exd4 Rxd4 31. Rxd4 Qxd4 32. Rd1 Qc5 33. Qxc5 bxc5
34. Ng5 h6 35. Nxe6 Re8 36. Nxg7 Kxg7 37. Rxd7+ Kf6 38. Ra7 Ke5 39. Rxa5 Kd4
40. Rb5 f4 41. gxf4 Rg8+ 42. Kh2 Rg4 43. f5 1-0

[Event "European Championship 2019"]
[Site "Skopje MKD"]
[Date "2019.03.27"]
[Round "9"]
[White "Santos Latasa, Jaime"]
[Black "Kovalev, Vladislav"]
[Result "1/2-1/2"]
[WhiteElo "2582"]
[BlackElo "2703"]
[PlyCount "103"]
[EventDate "2019.03.18"]

1. d4 Nf6 2. c4 g6 3. Nc3 Bg7 4. e4 d6 5. f3 O-O 6. Be3 Nc6 7. Nge2 a6 8. Qd2
Na5 9. Nc1 Nd7 10. Nb3 c5 11. dxc5 Nxb3 12. axb3 Nxc5 13. Ra3 Be6 14. b4 Nd7
15. Be2 Rc8 16. Nd5 f5 17. exf5 Rxf5 18. Bd3 Rf7 19. Be2 Bxd5 20. Qxd5 Bxb2 21.
Rb3 Bg7 22. O-O Rc6 23. Rd1 Qc8 24. Qd2 e6 25. f4 Bf8 26. Qe1 Nf6 27. Bd4 d5
28. cxd5 Nxd5 29. g3 Bg7 30. Bxg7 Kxg7 31. Bf3 Qc7 32. Rbd3 Rd7 33. Kh1 Qd8 34.
Bxd5 exd5 35. Qe5+ Qf6 36. Rxd5 Re7 37. Qxf6+ Kxf6 38. Kg2 Rc4 39. R1d4 Rxd4
40. Rxd4 Ke6 41. Kf3 Rd7 42. Re4+ Kd6 43. g4 Rf7 44. h4 b6 45. Re8 Ra7 46. f5
gxf5 47. gxf5 a5 48. bxa5 bxa5 49. f6 a4 50. Kg4 a3 51. f7 Rxf7 52. Ra8 1/2-1/2

[Event "European Championship 2019"]
[Site "Skopje MKD"]
[Date "2019.03.27"]
[Round "9"]
[White "Buhmann, Rainer"]
[Black "Vallejo Pons, Francisco"]
[Result "0-1"]
[WhiteElo "2568"]
[BlackElo "2698"]
[PlyCount "122"]
[EventDate "2019.03.18"]

1. Nf3 d5 2. d4 Nf6 3. c4 c6 4. e3 Bf5 5. Nc3 e6 6. Nh4 Be4 7. f3 Bg6 8. Qb3
Qc7 9. Bd2 Be7 10. g3 a6 11. Nxg6 hxg6 12. a4 Nbd7 13. Rc1 Rd8 14. a5 Rh5 15.
cxd5 exd5 16. Be2 Nf8 17. Kf2 Ne6 18. Kg2 Rh8 19. Be1 g5 20. Bf2 g6 21. Qa4 Qd7
22. h3 Kf8 23. Na2 Bd6 24. Nb4 Kg7 25. Nd3 Qe7 26. Rc2 c5 27. b3 Rde8 28. Qa1
Rc8 29. Qc1 Rc7 30. Qd2 cxd4 31. exd4 Nh5 32. Rxc7 Qxc7 33. Rc1 Qd7 34. Rh1 Qc7
35. Rc1 Qb8 36. Qe1 Re8 37. Rc2 Bxg3 38. Bxg3 Nxg3 39. Qxg3 Qxg3+ 40. Kxg3 Nxd4
41. Bd1 Nxc2 42. Bxc2 Re2 43. Bb1 f5 44. h4 f4+ 45. Kh3 gxh4 46. Nxf4 Re3 47.
Kxh4 Rxf3 48. Kg4 Rxb3 49. Ba2 Rb4 50. Bxd5 Kf6 51. Kf3 g5 52. Nd3 Rb5 53. Be4
Ke7 54. Kg4 Kd6 55. Bf5 Rxa5 56. Kxg5 Ra4 57. Bc8 b5 58. Kf5 a5 59. Ba6 Rd4 60.
Nf2 a4 61. Ne4+ Rxe4 0-1

[Event "European Championship 2019"]
[Site "Skopje MKD"]
[Date "2019.03.28"]
[Round "10"]
[White "Artemiev, Vladislav"]
[Black "Esipenko, Andrey"]
[Result "1-0"]
[WhiteElo "2736"]
[BlackElo "2603"]
[PlyCount "105"]
[EventDate "2019.03.18"]

1. Nf3 Nf6 2. g3 g6 3. Bg2 Bg7 4. d4 d5 5. O-O O-O 6. c4 dxc4 7. Na3 c3 8. bxc3
c5 9. Re1 Nc6 10. e4 cxd4 11. cxd4 Bg4 12. Bb2 Nd7 13. Rb1 Nb6 14. d5 Bxb2 15.
Rxb2 Ne5 16. Qb3 Bxf3 17. Bxf3 Na4 18. Rc2 Nxf3+ 19. Qxf3 Rc8 20. Rec1 Rxc2 21.
Rxc2 Qd7 22. Nc4 f6 23. Na5 Kg7 24. Qa3 b6 25. Nb3 Nc5 26. Nxc5 bxc5 27. Rxc5
Rb8 28. Rc6 Rb7 29. Kg2 Qg4 30. Re6 Kf7 31. Qa6 Rb6 32. Qxa7 Rxe6 33. dxe6+
Qxe6 34. Qa8 Kg7 35. a4 g5 36. a5 h5 37. h3 g4 38. h4 Qb3 39. Qd5 Qf3+ 40. Kg1
Qe2 41. Qc5 e5 42. Qe7+ Kg6 43. Qe8+ Kh6 44. Qa4 Qa6 45. Qb4 Kg6 46. Qb6 Qe2
47. a6 Qe1+ 48. Kh2 Qxe4 49. a7 Qf3 50. Qb2 Kg7 51. Qd2 Kg6 52. Qa2 Qa8 53.
Qb1+ 1-0

[Event "European Championship 2019"]
[Site "Skopje MKD"]
[Date "2019.03.28"]
[Round "10"]
[White "Aleksandrov, Aleksej"]
[Black "Dubov, Daniil"]
[Result "1/2-1/2"]
[WhiteElo "2574"]
[BlackElo "2703"]
[PlyCount "46"]
[EventDate "2019.03.18"]

1. d4 Nf6 2. c4 e6 3. Nc3 Bb4 4. e3 c5 5. Bd3 O-O 6. Nf3 d5 7. O-O dxc4 8. Bxc4
Nc6 9. a3 Ba5 10. Ba2 Qe7 11. Qe2 Rd8 12. Rd1 b6 13. Bd2 cxd4 14. exd4 Bxc3 15.
bxc3 Bb7 16. Bg5 Rac8 17. Ne5 h6 18. Bh4 g5 19. Bg3 Nxe5 20. Bxe5 Rxc3 21. h4
Nd5 22. Bxd5 Rxd5 23. Rac1 Rc6 1/2-1/2

[Event "European Championship 2019"]
[Site "Skopje MKD"]
[Date "2019.03.28"]
[Round "10"]
[White "Tomashevsky, Evgeny"]
[Black "Martirosyan, Haik M"]
[Result "1/2-1/2"]
[WhiteElo "2705"]
[BlackElo "2616"]
[PlyCount "49"]
[EventDate "2019.03.18"]

1. d4 Nf6 2. c4 e6 3. Nc3 Bb4 4. e3 O-O 5. Bd3 d5 6. a3 Bxc3+ 7. bxc3 c6 8. Ne2
b6 9. O-O Ba6 10. cxd5 Bxd3 11. Qxd3 cxd5 12. c4 Nc6 13. cxd5 Qxd5 14. f3 Na5
15. e4 Qb3 16. Qxb3 Nxb3 17. Ra2 Rac8 18. Be3 Rfd8 19. Rb1 Na5 20. a4 Ne8 21.
Bd2 Nc6 22. a5 Nxd4 23. Nxd4 Rxd4 24. axb6 axb6 25. Be3 1/2-1/2

[Event "European Championship 2019"]
[Site "Skopje MKD"]
[Date "2019.03.28"]
[Round "10"]
[White "Vallejo Pons, Francisco"]
[Black "Chigaev, Maksim"]
[Result "1/2-1/2"]
[WhiteElo "2698"]
[BlackElo "2613"]
[PlyCount "107"]
[EventDate "2019.03.18"]

1. Nf3 Nf6 2. c4 g6 3. Nc3 Bg7 4. e4 d6 5. d4 O-O 6. Be2 e5 7. d5 a5 8. Bg5 h6
9. Bh4 Na6 10. Nd2 Qe8 11. g4 Nh7 12. a3 Bd7 13. Qc2 Bf6 14. Bg3 Bg5 15. h4 Bf4
16. Bxf4 exf4 17. Nb3 Qe5 18. O-O-O a4 19. Nd4 Nc5 20. Kb1 Rfe8 21. f3 Nf6 22.
Rh2 c6 23. Rg2 g5 24. Qd2 cxd5 25. cxd5 Rec8 26. Rh2 Kf8 27. hxg5 hxg5 28. Bb5
Nb3 29. Nxb3 axb3 30. Rh8+ Ke7 31. Rxc8 Rxc8 32. Be2 Rh8 33. Re1 Rh3 34. Bd1
Kf8 35. Qf2 Kg7 36. a4 Bc8 37. a5 Nd7 38. Bxb3 Nc5 39. Bc2 Bd7 40. Qg2 Rh8 41.
Rh1 Ra8 42. Qh2 Kf6 43. Qh6+ Ke7 44. Rh5 Rg8 45. Qh7 Ra8 46. Qh6 Rg8 47. Qh7
Ra8 48. Rh6 Qd4 49. Ne2 Qe5 50. Nc3 Qd4 51. Ne2 Qe5 52. Nc3 Qd4 53. Ne2 Qe5 54.
Nc3 1/2-1/2

[Event "European Championship 2019"]
[Site "Skopje MKD"]
[Date "2019.03.28"]
[Round "10"]
[White "Kovalev, Vladislav"]
[Black "Fakhrutdinov, Timur"]
[Result "1-0"]
[WhiteElo "2703"]
[BlackElo "2485"]
[PlyCount "73"]
[EventDate "2019.03.18"]

1. e4 e5 2. Nf3 Nc6 3. Bc4 Bc5 4. c3 Nf6 5. d4 exd4 6. e5 d5 7. Bb5 Ne4 8. cxd4
Bb6 9. Nc3 O-O 10. Be3 Bg4 11. h3 Bh5 12. Qc2 Bg6 13. Qb3 Ne7 14. O-O c6 15.
Bd3 Nxc3 16. Qxc3 Bxd3 17. Qxd3 Ng6 18. Ng5 Qd7 19. f4 f5 20. b4 Bd8 21. Nf3
Be7 22. Rfb1 b6 23. a4 Rfc8 24. Kh2 Rc7 25. Ng1 c5 26. bxc5 bxc5 27. Ne2 c4 28.
Qc2 Bd8 29. Bc1 Rc6 30. a5 Rcc8 31. Nc3 Rab8 32. a6 Bb6 33. Rb5 Ne7 34. Rab1
Qe6 35. Ba3 Nc6 36. Rxd5 Qh6 37. Ne2 1-0

[Event "European Championship 2019"]
[Site "Skopje MKD"]
[Date "2019.03.28"]
[Round "10"]
[White "Saric, Ivan"]
[Black "Neverov, Valeriy"]
[Result "1-0"]
[WhiteElo "2703"]
[BlackElo "2496"]
[PlyCount "65"]
[EventDate "2019.03.18"]

1. e4 e5 2. Nf3 Nc6 3. Bb5 a6 4. Ba4 Nf6 5. O-O Be7 6. Re1 b5 7. Bb3 d6 8. c3
O-O 9. h3 Nb8 10. d4 Nbd7 11. Nbd2 Bb7 12. Bc2 Re8 13. Nf1 Bf8 14. Ng3 g6 15.
a4 Bg7 16. Bd3 c6 17. Bg5 Nf8 18. Qd2 Ne6 19. Bh6 Nd7 20. Red1 Qe7 21. Bf1 Red8
22. Bxg7 Kxg7 23. b4 Nb6 24. axb5 cxb5 25. Qe3 Nd7 26. c4 bxc4 27. Bxc4 Nf4 28.
Ra5 h5 29. dxe5 dxe5 30. Rxd7 Rxd7 31. Rxe5 Qxb4 32. Qxf4 Qxc4 33. Nxh5+ 1-0

[Event "European Championship 2019"]
[Site "Skopje MKD"]
[Date "2019.03.28"]
[Round "10"]
[White "Matviishen, Viktor"]
[Black "Mamedov, Rauf"]
[Result "1-0"]
[WhiteElo "2490"]
[BlackElo "2701"]
[PlyCount "93"]
[EventDate "2019.03.18"]

1. d4 d5 2. c4 Nf6 3. Nf3 c6 4. Nc3 dxc4 5. a4 Bf5 6. Ne5 Nbd7 7. Nxc4 Nb6 8.
Ne5 a5 9. g3 g6 10. Bg2 Bg7 11. O-O O-O 12. e4 Be6 13. Be3 Nc4 14. Nxc4 Bxc4
15. Re1 Qb6 16. b3 Qxb3 17. Qxb3 Bxb3 18. Rab1 Bc4 19. Rxb7 e6 20. h3 Ba6 21.
Rc7 Rfc8 22. Rxc8+ Rxc8 23. Rc1 Nd7 24. Bf1 Bxf1 25. Kxf1 e5 26. dxe5 Nxe5 27.
Nd5 Re8 28. Nb6 Bf8 29. Ke2 f6 30. f4 Nf7 31. Nd7 Re6 32. Kf3 Ba3 33. Rc4 Kg7
34. Nc5 Re7 35. Nb3 Nd6 36. Rxc6 Nxe4 37. Nxa5 Nxg3 38. Bd4 Nh5 39. Nc4 Bc1 40.
a5 Bxf4 41. a6 Bb8 42. Bc5 Rf7 43. Rc8 Ba7 44. Nd6 Rd7 45. Nb5 Bxc5 46. Rxc5
Rd3+ 47. Ke4 1-0

[Event "European Championship 2019"]
[Site "Skopje MKD"]
[Date "2019.03.29"]
[Round "11"]
[White "Rodshtein, Maxim"]
[Black "Artemiev, Vladislav"]
[Result "1/2-1/2"]
[WhiteElo "2673"]
[BlackElo "2736"]
[PlyCount "92"]
[EventDate "2019.03.18"]

1. e4 c5 2. Nf3 d6 3. d4 cxd4 4. Nxd4 Nf6 5. Nc3 a6 6. f3 Qb6 7. Bc4 Nc6 8.
Nxc6 bxc6 9. Qe2 e6 10. Bb3 Be7 11. Be3 Qc7 12. O-O-O a5 13. g4 Ba6 14. Qg2 Nd7
15. f4 Nc5 16. Bxc5 dxc5 17. e5 O-O 18. Ba4 Rac8 19. Ne4 Rfd8 20. c3 Bc4 21. g5
Bd5 22. c4 Bxe4 23. Qxe4 Qb6 24. a3 Rd4 25. Rxd4 cxd4 26. Rd1 Bc5 27. Rd2 g6
28. h4 Kf8 29. h5 Ke7 30. Qd3 Rc7 31. Rh2 Kd7 32. hxg6 hxg6 33. Kb1 Kc8 34. Ka2
Kb7 35. Rh3 Ka7 36. Rh2 Rd7 37. Bd1 Rb7 38. Ba4 Rd7 39. Rh3 Rb7 40. Qc2 Rb8 41.
Qg2 Rc8 42. Qd2 Qa6 43. Qd3 Rb8 44. Rh2 Rb7 45. Kb1 Qb6 46. Kc1 Qa6 1/2-1/2

[Event "European Championship 2019"]
[Site "Skopje MKD"]
[Date "2019.03.29"]
[Round "11"]
[White "Vallejo Pons, Francisco"]
[Black "Can, Emre"]
[Result "1-0"]
[WhiteElo "2698"]
[BlackElo "2586"]
[PlyCount "163"]
[EventDate "2019.03.18"]

1. e4 c5 2. Nf3 d6 3. d4 cxd4 4. Nxd4 Nf6 5. Nc3 a6 6. h3 e6 7. g4 h6 8. Bg2
Be7 9. b3 Nc6 10. Bb2 Qc7 11. Nxc6 bxc6 12. Qd2 e5 13. Nd1 d5 14. exd5 Nxd5 15.
Ne3 Bg5 16. O-O-O O-O 17. Kb1 Be6 18. Bxd5 cxd5 19. Nxd5 Qb7 20. Qe2 f6 21. Qe4
Rab8 22. Rd3 Kh8 23. f3 Bg8 24. Ne3 Qxe4 25. fxe4 Bxe3 26. Rxe3 Rfd8 27. c4 Be6
28. Kc2 Kh7 29. Bc3 Kg6 30. Rg1 Kf7 31. Ba5 Rd4 32. Bc3 Rdd8 33. Rf3 Ke7 34.
Rf2 Bg8 35. Re1 g5 36. Ref1 Rd6 37. Bb2 Rc6 38. Ba3+ Kf7 39. Rd1 Rb7 40. Rd8
Kg7 41. Bd6 Bf7 42. Kc3 h5 43. gxh5 Bxh5 44. c5 Bg6 45. Re2 Bh5 46. Re3 Bf7 47.
Re2 Be6 48. Re3 Kg6 49. Re8 Kf7 50. Rf8+ Kg7 51. Ra8 Kg6 52. Rf3 Rd7 53. Kb4
Rb7+ 54. Ka5 Rb5+ 55. Ka4 Rb7 56. Ka5 Rb5+ 57. Ka4 Rb7 58. Rf8 Bf7 59. b4 Kg7
60. a3 Rb5 61. Rf1 Rb7 62. Rb8 Rxb8 63. Bxb8 Rc8 64. Bd6 Rh8 65. Rf3 Rh4 66. c6
Rxe4 67. c7 Be6 68. Ka5 Rc4 69. Bc5 e4 70. Rg3 Kg6 71. Kxa6 f5 72. Kb6 f4 73.
Rg1 f3 74. Be3 Rc3 75. Rxg5+ Kf7 76. Bd4 e3 77. Rg7+ Ke8 78. Rg6 Bxh3 79. Bxc3
f2 80. Rf6 Ke7 81. Rf4 Kd6 82. Bd4 1-0

[Event "European Championship 2019"]
[Site "Skopje MKD"]
[Date "2019.03.29"]
[Round "11"]
[White "Bosiocic, Marin"]
[Black "Tomashevsky, Evgeny"]
[Result "1/2-1/2"]
[WhiteElo "2614"]
[BlackElo "2705"]
[PlyCount "61"]
[EventDate "2019.03.18"]

1. d4 Nf6 2. c4 e6 3. Nf3 d5 4. Nc3 Be7 5. Bf4 O-O 6. e3 Nbd7 7. c5 Nh5 8. Bd3
Nxf4 9. exf4 b6 10. b4 a5 11. a3 c6 12. O-O Ba6 13. Re1 Bxd3 14. Qxd3 Bf6 15.
g3 Ra7 16. Rec1 Qa8 17. Qd1 Qb7 18. Rab1 axb4 19. axb4 Rfa8 20. Kg2 Ra3 21. h4
bxc5 22. bxc5 Qa6 23. Rb3 Rxb3 24. Qxb3 h5 25. Rb1 Rb8 26. Qc2 Rxb1 27. Nxb1
Nf8 28. Qb3 Qa8 29. Nc3 Ng6 30. Qa2 Qb7 31. Na4 1/2-1/2